• 首页
  • 本馆介绍
  • 公告通知
  • 最新文献
  • 馆藏检索
  • 电子资源
  • 读者导购
  • 参考咨询
  • 我的图书馆
  • 登录
  • 详细信息显示
  • 放入我的书架
  • 预约/预借图书
  • 作者相关作品
  • 分类相关作品
  • 丛书相关作品
  • 出版社相关作品

书目信息

  • 表格格式
  • 工作单格式
  • 卡片格式
题名:
临床抗菌药物学
    
 
作者: 戴自英 主编 ;徐肇* 等编
分册:  
出版信息: 北京   人民卫生出版社  1985
页数: 549页
开本: 26cm
丛书名:
单 册:
中图分类: R978.1
科图分类:
主题词: 抗菌素-药物学 , 药物学-抗菌素 , 抗菌素--临床--应用
电子资源:
ISBN: 14048.4955
000 00734nam0 2200265 450
001 0185011316
005 20100712221234.0
010    @a14048.4955@dCNY8.95
091    @a14048.4955
100    @a19960215d1985 emky0chiy0110 ea
101 0  @achi
102    @aCN@b110000
105    @ay z 000yy
106    @ar
200 1  @a临床抗菌药物学@9Lin Chuang Kang Jun Yao Wu Xue @f戴自英主编@g徐肇*等编
210    @a北京@c人民卫生出版社@d1985
215    @a549页@d26cm
606 0  @a抗菌素-药物学
606 0  @a药物学-抗菌素
606 0  @a抗菌素@x临床@x应用
690    @aR978.1@v3
701  0 @a戴自英@9dai zi ying@4主编
702  0 @a徐肇*@9xu zhao yue@4等编
801  0 @aCN@bAzMarc@c20130904
905    @aBZT@dR978.1@e12@f1@sR978.1/12
    
    临床抗菌药物学/戴自英主编/徐肇*等编.-北京:人民卫生出版社,1985
    549页;26cm
    
    
    ISBN 14048.4955:CNY8.95
    
●
相关链接 在五车中查询图书 在当当中查询图书 在豆瓣中查询图书


正题名:临床抗菌药物学     索取号:R978.1/12         预约/预借

序号 登录号 条形码 馆藏地/架位号 状态 备注
1 2000123771   2000123771   旧书回溯/ [索取号:R978.1/12] 在馆    
山东省滨州职业学院图书馆 欢迎您!
大连网信软件有限公司© 版权所有